<?xml version="1.0" encoding="UTF-8"?>
<record
    xmlns:xsi="http://www.w3.org/2001/XMLSchema-instance"
    xsi:schemaLocation="http://www.loc.gov/MARC21/slim http://www.loc.gov/standards/marcxml/schema/MARC21slim.xsd"
    xmlns="http://www.loc.gov/MARC21/slim">

  <leader>00737nam a22002057a 4500</leader>
  <controlfield tag="003">LK-CoMWRAF</controlfield>
  <controlfield tag="005">20231206093420.0</controlfield>
  <controlfield tag="008">231001b2021    |||||||| |||| 00| 0 eng d</controlfield>
  <datafield tag="020" ind1=" " ind2=" ">
    <subfield code="a">97862498361059</subfield>
  </datafield>
  <datafield tag="040" ind1=" " ind2=" ">
    <subfield code="a">LK-CoMWRAF</subfield>
    <subfield code="d">LK-CoMWRAF</subfield>
    <subfield code="e">LK-CoMWRAF</subfield>
  </datafield>
  <datafield tag="041" ind1=" " ind2=" ">
    <subfield code="a">eng</subfield>
  </datafield>
  <datafield tag="082" ind1=" " ind2=" ">
    <subfield code="a">305.697</subfield>
    <subfield code="b">MUS</subfield>
  </datafield>
  <datafield tag="245" ind1=" " ind2=" ">
    <subfield code="a">Muslims&#xA0;in&#xA0;post-war&#xA0;Sri&#xA0;Lanka:</subfield>
    <subfield code="b">repression, resistance &amp; reform</subfield>
  </datafield>
  <datafield tag="260" ind1=" " ind2=" ">
    <subfield code="a">Colombo:</subfield>
    <subfield code="b">Alliance for Minorities,</subfield>
    <subfield code="c">2021</subfield>
  </datafield>
  <datafield tag="300" ind1=" " ind2=" ">
    <subfield code="a">xii, 225 p. ill. (some color) ; 22 cm</subfield>
    <subfield code="b">Bibliography included</subfield>
  </datafield>
  <datafield tag="650" ind1=" " ind2=" ">
    <subfield code="a">Muslims-Sri&#xA0;Lanka-History-21st century.</subfield>
  </datafield>
  <datafield tag="700" ind1=" " ind2=" ">
    <subfield code="a">Saroor, Shreen Abdul </subfield>
    <subfield code="e">ed.</subfield>
  </datafield>
  <datafield tag="856" ind1=" " ind2=" ">
    <subfield code="u">https://www.minormatters.org/storage/app/uploads/public/615/69b/d3b/61569bd3b3d59076872669.pdf</subfield>
  </datafield>
  <datafield tag="942" ind1=" " ind2=" ">
    <subfield code="c">BK</subfield>
  </datafield>
  <datafield tag="952" ind1=" " ind2=" ">
    <subfield code="0">0</subfield>
    <subfield code="1">0</subfield>
    <subfield code="4">0</subfield>
    <subfield code="7">0</subfield>
    <subfield code="a">MAIN</subfield>
    <subfield code="b">MAIN</subfield>
    <subfield code="d">2023-10-01</subfield>
    <subfield code="l">0</subfield>
    <subfield code="o">305.697 MUS</subfield>
    <subfield code="p">RAF1557</subfield>
    <subfield code="r">2023-10-01</subfield>
    <subfield code="w">2023-10-01</subfield>
    <subfield code="y">BK</subfield>
  </datafield>
  <datafield tag="999" ind1=" " ind2=" ">
    <subfield code="c">3767</subfield>
    <subfield code="d">3767</subfield>
  </datafield>
</record>
